000 00754nam a2200265Ia 4500
003 OSt
005 20220918174247.0
006 a|||||r|||| 00| 0
007 ta
008 220917b |||||||| |||| 00| 0 eng d
024 _a11,269
037 _cTextual
040 _aARTS
_cARTS
_beng
041 _2eng
_aeng
082 _aM21, J3
100 _aMansfield F J.
_949695
245 0 _aComplete journalist
_b a study of the principles and practice of newspaper making
250 _a2nd
260 _aLondon
_bSir isaac pitman & sons, ltd
_c1953
300 _a389
_ccm.
650 _aINDUSTRIAL ARTS
700 _a George D lloyd
_949696
942 _hM21, J3
_cTEXL
_2CC
999 _c152383
_d152383